Outsourcing v Evropě zaostáva
Používanie outsourcingu pod tlakom rastúcej konkurencie. Banky v Európe brzdia rýchlejší rozvoj outsourcingu z dôvodu straty kontroly väzieb. Dôvody rozvoja outsourcingu: zníženie nákladov konkurencia, vývoj a riadenie IT, integrácia nových technológií, flexibilita zdrojov a.i. Outsourcing ako strat...
Gespeichert in:
| Format: | Buchkapitel |
|---|---|
| Sprache: | Tschechisch |
| Schlagworte: | |
| Tags: |
Keine Tags, Fügen Sie das erste Tag hinzu!
|
MARC
| LEADER | 00000naa$a2200000$$$4500 | ||
|---|---|---|---|
| 001 | 0057246 | ||
| 005 | 20231010094309.2 | ||
| 041 | 0 | |a cze | |
| 044 | |a CZ | ||
| 245 | 1 | 0 | |a Outsourcing v Evropě zaostáva |
| 520 | |a Používanie outsourcingu pod tlakom rastúcej konkurencie. Banky v Európe brzdia rýchlejší rozvoj outsourcingu z dôvodu straty kontroly väzieb. Dôvody rozvoja outsourcingu: zníženie nákladov konkurencia, vývoj a riadenie IT, integrácia nových technológií, flexibilita zdrojov a.i. Outsourcing ako strategický nástroj pre poskytnutie širšieho okruhu zmien. | ||
| 610 | 2 | 0 | |a Európa |
| 610 | 2 | 0 | |a outsourcing |
| 610 | 2 | 0 | |a banky |
| 610 | 2 | 0 | |a náklady |
| 610 | 2 | 0 | |a riadenie |
| 610 | 2 | 0 | |a efektívnosť |
| 610 | 2 | 0 | |a výkonnosť |